Econometrics : (Record no. 19464)
[ view plain ]
| 000 -LEADER | |
|---|---|
| fixed length control field | 00942cam a22002895a 4500 |
| 001 - CONTROL NUMBER | |
| control field | 12330303 |
| 005 - DATE AND TIME OF LATEST TRANSACTION | |
| control field | 20150602111944.0 |
| 008 - FIXED-LENGTH DATA ELEMENTS--GENERAL INFORMATION | |
| fixed length control field | 010228r20082000enkadk frb f001 0 eng d |
| 020 ## - INTERNATIONAL STANDARD BOOK NUMBER | |
| International Standard Book Number | 0198293542 |
| 020 ## - INTERNATIONAL STANDARD BOOK NUMBER | |
| International Standard Book Number | 9780198293545 |
| 040 ## - CATALOGING SOURCE | |
| Original cataloging agency | DLC |
| Transcribing agency | DLC |
| Modifying agency | DLC |
| -- | EG-ScBUE |
| 082 04 - DEWEY DECIMAL CLASSIFICATION NUMBER | |
| Classification number | 330.015195 |
| Edition number | 22 |
| Item number | HEN |
| 100 1# - MAIN ENTRY--PERSONAL NAME | |
| Personal name | Hendry, David F. |
| 9 (RLIN) | 38096 |
| 245 10 - TITLE STATEMENT | |
| Title | Econometrics : |
| Remainder of title | alchemy or science ? : essays in econometric methodology / |
| Statement of responsibility, etc | David F. Hendry. |
| 250 ## - EDITION STATEMENT | |
| Edition statement | New ed., Reprinted ed. |
| 260 ## - PUBLICATION, DISTRIBUTION, ETC. (IMPRINT) | |
| Place of publication, distribution, etc | Oxford ; |
| -- | New York : |
| Name of publisher, distributor, etc | Oxford University Press, |
| Date of publication, distribution, etc | 2000. |
| 300 ## - PHYSICAL DESCRIPTION | |
| Extent | xviii, 542 p. : |
| Other physical details | charts, forms, tables ; |
| Dimensions | 24 cm. |
| 500 ## - GENERAL NOTE | |
| General note | Index : p. 525-542. |
| 500 ## - GENERAL NOTE | |
| General note | Reprint of the 2000 ed. |
| 504 ## - BIBLIOGRAPHY, ETC. NOTE | |
| Bibliography, etc | Bibliography : p. [518]-524. |
| 650 #0 - SUBJECT ADDED ENTRY--TOPICAL TERM | |
| Topical term or geographic name as entry element | Econometric models. |
| Source of heading or term | BUEsh |
| 650 #0 - SUBJECT ADDED ENTRY--TOPICAL TERM | |
| Topical term or geographic name as entry element | Econometrics. |
| Source of heading or term | BUEsh |
| 651 ## - SUBJECT ADDED ENTRY--GEOGRAPHIC NAME | |
| Source of heading or term | BUEsh |
| 653 ## - INDEX TERM--UNCONTROLLED | |
| Resource For college | BAEPS, Economics |
| Arrived date list | May2015 |
| 655 ## - INDEX TERM--GENRE/FORM | |
| Form subdivision | |
| -- | 34232 |
| 942 ## - ADDED ENTRY ELEMENTS (KOHA) | |
| Source of classification or shelving scheme | Dewey Decimal Classification |
| Call number prefix | 330.015195 HEN |
| Withdrawn status | Item status | Source of classification or shelving scheme | Damaged status | Not for loan | Vendor | Home library | Current library | Shelving location | Date acquired | Source of acquisition | Cost, normal purchase price | Total Checkouts | Full call number | Barcode | Date last seen | Date last borrowed | Cost, replacement price | Koha item type |
|---|---|---|---|---|---|---|---|---|---|---|---|---|---|---|---|---|---|---|
| Dewey Decimal Classification | Baccah | Central Library | Central Library | First floor | 27/05/2015 | 441.00 | 1 | 330.015195 HEN | 000038345 | 15/07/2025 | 18/09/2016 | 551.25 | Book - Borrowing |